Planning policy statement 25 (Record no. 110310)

MARC details
000 -LEADER
fixed length control field 01910cad a22002895a 4500
001 - CONTROL NUMBER
control field L148967
008 - FIXED-LENGTH DATA ELEMENTS--GENERAL INFORMATION
fixed length control field 091208s20091207xxk f f000 0 eng d
020 ## - INTERNATIONAL STANDARD BOOK NUMBER
International Standard Book Number 9781409820550
035 ## - SYSTEM CONTROL NUMBER
System control number (Sirsi) u148967
041 0# - LANGUAGE CODE
Language code of text/sound track or separate title eng
050 04 - LIBRARY OF CONGRESS CALL NUMBER
Classification number 711.1 $2 18
110 2# - MAIN ENTRY--CORPORATE NAME
Corporate name or jurisdiction name as entry element United Kingdom
Subordinate unit Department for Communities and Local Government
9 (RLIN) 4939
245 00 - TITLE STATEMENT
Title Planning policy statement 25
Remainder of title development and flood risk, practice guide
Medium [electronic resource]
260 ## - PUBLICATION, DISTRIBUTION, ETC.
Place of publication, distribution, etc. London
Name of publisher, distributor, etc. DCLG
Date of publication, distribution, etc. 2009
505 2# - FORMATTED CONTENTS NOTE
Formatted contents note Introduction -- Taking flood risk into account in the planning process -- The assessment of flood risk -- The sequential and exception tests -- Managing surface water -- Risk management by design -- Residual risk -- Appendix A: PPS25 in context with other national planning policy -- Appendix B: FRA checklist -- Appendix C: relevant policies, plans and sources of information -- Abbreviations/Acronyms -- Glossary
520 ## - SUMMARY, ETC.
Summary, etc. Complementary document to Planning Policy Statement 25: Development and Flood Risk (PPS25), this practice guide provides advice on how to implement development and flood risk policies by the land use planning system. Includes case studies. Appendix B contains a checklist to help prepare a site-specific flood risk assessment in accordance with PPS25 and this practice guide.
520 ## - SUMMARY, ETC.
Summary, etc. Supersedes the practice guide published in June 2008, ISBN 9781851129362 (L144058).
521 ## - TARGET AUDIENCE NOTE
Target audience note Advanced
590 ## - LOCAL NOTE (RLIN)
Local note KA NTK
650 24 - SUBJECT ADDED ENTRY--TOPICAL TERM
Topical term or geographic name entry element PLANNING POLICY STATEMENT 25
650 24 - SUBJECT ADDED ENTRY--TOPICAL TERM
Topical term or geographic name entry element PLANNING POLICY GUIDANCE NOTE 25
651 #4 - SUBJECT ADDED ENTRY--GEOGRAPHIC NAME
Geographic name England
Chronological subdivision 886-
690 ## - LOCAL SUBJECT ADDED ENTRY--TOPICAL TERM (OCLC, RLIN)
Topical term or geographic name as entry element ENVIRONMENTAL AND LAND CONSULTANCY-PLANNING AND DEVELOPMENT
690 ## - LOCAL SUBJECT ADDED ENTRY--TOPICAL TERM (OCLC, RLIN)
Topical term or geographic name as entry element ENVIRONMENTAL AND LAND CONSULTANCY-WATER RESOURCE MANAGEMENT-FLOODING
856 40 - ELECTRONIC LOCATION AND ACCESS
Uniform Resource Identifier <a href="https://www.communities.gov.uk/documents/planningandbuilding/pdf/pps25guideupdate.pdf">https://www.communities.gov.uk/documents/planningandbuilding/pdf/pps25guideupdate.pdf</a>
Public note View the order free of charge at www.communities.gov.uk...
942 ## - ADDED ENTRY ELEMENTS (KOHA)
Suppress in OPAC 0
Holdings
Withdrawn status Lost status Source of classification or shelving scheme Damaged status Not for loan Home library Current library Shelving location Date acquired Total Checkouts Full call number Barcode Date last seen Copy number Price effective from Koha item type
    Dewey Decimal Classification     Virtual Virtual Online 08/12/2009   ONLINE PUBLICATION 148967-2001 06/08/2019 1 06/08/2019 Book